<?xml version="1.0" encoding="UTF-8"?>
<record
    xmlns:xsi="http://www.w3.org/2001/XMLSchema-instance"
    xsi:schemaLocation="http://www.loc.gov/MARC21/slim http://www.loc.gov/standards/marcxml/schema/MARC21slim.xsd"
    xmlns="http://www.loc.gov/MARC21/slim">

  <leader>01091nam0a2200313   4500</leader>
  <controlfield tag="001">RU\NLR\BIBL_A\012692368</controlfield>
  <controlfield tag="005">20250624120338.0</controlfield>
  <datafield tag="010" ind1=" " ind2=" ">
    <subfield code="9">1700</subfield>
  </datafield>
  <datafield tag="035" ind1=" " ind2=" ">
    <subfield code="a">(NLR Aleph) 012692368</subfield>
  </datafield>
  <datafield tag="090" ind1=" " ind2=" ">
    <subfield code="a">13306875</subfield>
    <subfield code="c">13306875</subfield>
  </datafield>
  <datafield tag="100" ind1=" " ind2=" ">
    <subfield code="a">20220124d1966    |||y0rusy50      ca</subfield>
  </datafield>
  <datafield tag="101" ind1="0" ind2=" ">
    <subfield code="a">kir</subfield>
  </datafield>
  <datafield tag="102" ind1=" " ind2=" ">
    <subfield code="a">KG</subfield>
  </datafield>
  <datafield tag="105" ind1=" " ind2=" ">
    <subfield code="a">a   z   000yy</subfield>
  </datafield>
  <datafield tag="181" ind1=" " ind2="0">
    <subfield code="a">i </subfield>
    <subfield code="b">axxe  </subfield>
  </datafield>
  <datafield tag="182" ind1=" " ind2="0">
    <subfield code="a">n</subfield>
  </datafield>
  <datafield tag="200" ind1="1" ind2=" ">
    <subfield code="a">&#x410;&#x440; &#x431;&#x438;&#x440; &#x442;&#x440;&#x430;&#x43A;&#x442;&#x43E;&#x440;&#x434;&#x443; &#x473;&#x43D;&#x434;&#x4AF;&#x440;&#x4AF;&#x43C;&#x434;&#x4AF;&#x4AF; &#x43F;&#x430;&#x439;&#x434;&#x430;&#x43B;&#x430;&#x43D;&#x430;&#x43B;&#x44B;</subfield>
    <subfield code="f">&#x411;. &#x410;&#x43B;&#x44B;&#x431;&#x430;&#x435;&#x432;, &#x421;. &#x410;&#x43A;&#x44B;&#x43C;&#x431;&#x435;&#x43A;&#x43E;&#x432;</subfield>
  </datafield>
  <datafield tag="203" ind1=" " ind2=" ">
    <subfield code="a">&#x422;&#x435;&#x43A;&#x441;&#x442;</subfield>
    <subfield code="b">&#x432;&#x438;&#x437;&#x443;&#x430;&#x43B;&#x44C;&#x43D;&#x44B;&#x439;</subfield>
    <subfield code="c">&#x43D;&#x435;&#x43F;&#x43E;&#x441;&#x440;&#x435;&#x434;&#x441;&#x442;&#x432;&#x435;&#x43D;&#x43D;&#x44B;&#x439;</subfield>
  </datafield>
  <datafield tag="210" ind1=" " ind2=" ">
    <subfield code="a">&#x424;&#x440;&#x443;&#x43D;&#x437;&#x435;</subfield>
    <subfield code="c">&#x41A;&#x44B;&#x440;&#x433;&#x44B;&#x437;&#x441;&#x442;&#x430;&#x43D;</subfield>
    <subfield code="d">1966</subfield>
  </datafield>
  <datafield tag="215" ind1=" " ind2=" ">
    <subfield code="a">49,[2] c.</subfield>
    <subfield code="c">&#x438;&#x43B;.</subfield>
    <subfield code="d">20</subfield>
  </datafield>
  <datafield tag="225" ind1="1" ind2=" ">
    <subfield code="a">&#x410;&#x439;&#x44B;&#x43B;&#x434;&#x44B;&#x43A; &#x43C;&#x435;&#x445;&#x430;&#x43D;&#x438;&#x437;&#x430;&#x442;&#x43E;&#x440;&#x434;&#x443;&#x43D; &#x43A;&#x438;&#x442;&#x435;&#x43F;&#x43A;&#x430;&#x43D;&#x430;&#x447;&#x430;&#x441;&#x44B;</subfield>
  </datafield>
  <datafield tag="541" ind1="1" ind2=" ">
    <subfield code="a">&#x41A;&#x430;&#x436;&#x434;&#x43E;&#x43C;&#x443; &#x442;&#x440;&#x430;&#x43A;&#x442;&#x43E;&#x440;&#x443; - &#x432;&#x44B;&#x441;&#x43E;&#x43A;&#x443;&#x44E; &#x43D;&#x430;&#x433;&#x440;&#x443;&#x437;&#x43A;&#x443;</subfield>
    <subfield code="z">rus</subfield>
  </datafield>
  <datafield tag="686" ind1="1" ind2=" ">
    <subfield code="a">&#x41F;072.1</subfield>
  </datafield>
  <datafield tag="700" ind1=" " ind2="1">
    <subfield code="a">&#x410;&#x43B;&#x44B;&#x431;&#x430;&#x435;&#x432;</subfield>
    <subfield code="b">&#x411;.</subfield>
    <subfield code="g">&#x411;&#x435;&#x439;&#x448;&#x435;&#x43D;</subfield>
    <subfield code="4">070</subfield>
  </datafield>
  <datafield tag="701" ind1=" " ind2="1">
    <subfield code="a">&#x410;&#x43A;&#x44B;&#x43C;&#x431;&#x435;&#x43A;&#x43E;&#x432;</subfield>
    <subfield code="b">&#x421;.</subfield>
    <subfield code="g">&#x421;&#x430;&#x434;&#x44B;&#x431;&#x430;&#x43A;&#x430;&#x441;</subfield>
    <subfield code="4">070</subfield>
  </datafield>
  <datafield tag="852" ind1=" " ind2=" ">
    <subfield code="a">NLR</subfield>
    <subfield code="b">&#x41E;&#x41D;&#x41B;</subfield>
    <subfield code="j">&#x41A;&#x438;&#x440;&#x433;./2-4321</subfield>
  </datafield>
  <datafield tag="942" ind1=" " ind2=" ">
    <subfield code="c">BOOK</subfield>
  </datafield>
  <datafield tag="980" ind1=" " ind2=" ">
    <subfield code="a">NB</subfield>
  </datafield>
  <datafield tag="995" ind1=" " ind2=" ">
    <subfield code="5">2022-01-24</subfield>
    <subfield code="b">NLR01</subfield>
    <subfield code="c">NLR01</subfield>
    <subfield code="e">ONL01</subfield>
    <subfield code="f">1-3000389</subfield>
    <subfield code="k">&#x41E;&#x41D;&#x41B; &#x41A;&#x438;&#x440;&#x433;./2-4321</subfield>
    <subfield code="o">0</subfield>
    <subfield code="r">BOOK</subfield>
    <subfield code="s">_24321</subfield>
  </datafield>
</record>
